Discretization of homoclinic orbits, rapid forcing and invisible chaos

Uloženo v:
Podrobná bibliografie
Hlavní autoři: Fiedler, Bernold (Autor), Scheurle, Jurgen (Autor)
Médium: Kniha
Jazyk:angličtina
Vydáno: Providence American Mathematical Society 1996
Edice:Memoirs of the American Mathematical Society, 570
Témata:
Tagy: Přidat tag
Žádné tagy, Buďte první, kdo vytvoří štítek k tomuto záznamu!

MARC

LEADER 00000nam a2200000 a 4500
001 UCT0417
003 CL-VaPUC
008 960830e19960000US |||||||||||||||||eng|d
082 0 4 |a 515.352  |b FIE  |2 21 
100 0 |a Fiedler, Bernold  |e author  |9 369087 
700 0 |a Scheurle, Jurgen  |e author  |9 369088 
245 1 0 |a Discretization of homoclinic orbits, rapid forcing and invisible chaos 
300 |a 79 p 
942 |c BK 
945 |d 19960830 00:00:00  |a nastorga 
260 |a Providence  |b American Mathematical Society  |c 1996 
650 0 |a Ecuaciones diferenciales  |9 260083 
650 0 |a Matemática  |9 260235 
650 0 |a Análisis numérico   |9 259387 
650 0 |a Cálculo diferencial   |9 260102 
583 |a last modification  |c 20130320 08:21:02  |k Rodrigo Vera 
490 0 |a Memoirs of the American Mathematical Society, 570 
999 |c 251419  |d 251417 
952 |0 0  |1 0  |4 0  |6 515_352000000000000_FIE_1996  |7 0  |8 A  |9 270536  |a BIBMAT  |b BIBMAT  |d 2019-11-19  |i 3225275  |o 515.352 FIE 1996  |p 3225275  |r 2025-01-07  |w 2019-11-19  |y BK  |k MAT